| 000 | 00430nam a22001577a 4500 | ||
|---|---|---|---|
| 020 | _a0321263545 | ||
| 040 | _cNUST | ||
| 082 |
_a004.36 _bCOU |
||
| 100 |
_aGeorge Coulouris ,Jean Dollimore _9123418 |
||
| 110 |
_aTimKindberg _9123419 |
||
| 245 | _aDistributed Systems Concepts and Design | ||
| 250 | _aFourth Edition | ||
| 260 |
_aEngland: _bAddison Wesley, _c2005. |
||
| 650 |
_aDistributed Systems _995489 |
||
| 942 |
_2ddc _cBK |
||
| 999 |
_c609617 _d609617 |
||